000 00883nam a2200253Ia 4500
003 OSt
005 20220923222635.0
006 a|||||r|||| 00| 0
007 ta
008 220922b |||||||| |||| 00| 0 hin d
024 _a206,704
037 _cTextual
040 _aARTS
_cARTS
_bhin
041 _2hin
_ahin
082 _aO152,6M90x, L0
100 _aसंपूर्णानन्द; शुक्ल, भानुप्रताप
_9167156
245 0 _aअधूरी क्रांति
246 _aAdhūrī krāanti
260 _aलखनऊ
_b लोकहित प्रका0
_c1970
300 _a155पृ.
_ccm.
650 _aहिन्दी साहित्य
_9156264
942 _hO152,6M90x, L0
_cTEXL
_2CC
999 _c357346
_d357346